| 000 | 01272nam a2200313 c 4500 | ||
|---|---|---|---|
| 999 |
_c343291 _d343291 |
||
| 003 | BLK | ||
| 005 | 20191001173159.0 | ||
| 008 | 180911b bul|||||r ||||||| ||bul|| | ||
| 010 | _a002952 | ||
| 040 | _aBLK | ||
| 041 |
_aENG _cDEU |
||
| 080 | _z801.323.2=20=30 | ||
| 100 | 1 |
_aMATTHIAS, A. _eпърви автор _9397879 |
|
| 245 | 0 | 0 |
_aTaschenworterbuch der Englischen und Deutschen Sprache _nT. 1.T. 2 |
| 246 |
_aMit besonderer Berucksichtigung aller modernen und technischen Ausdrucke : T. 1-2 _iEnglisch-DeutschDeutsch-Englisch |
||
| 260 |
_aBerlin _bFriedberg and Mode _c1888 |
||
| 300 |
_aVIII, 745 с746 с _c13 см |
||
| 380 | _a80 | ||
| 490 |
_aЧастна колекция - Академик Михаил Арнаудов _gДарение - Основен фонд |
||
| 500 | _aEnglisch-DeutschDeutsch-Englisch. - Михаил Арнаудов: инициали. - Михаил Арнаудов: негови-книганегови-книга. - Датиране на книгата : 18. IV. 1900. - Бележка на форзаца : H. Wucheff и др. | ||
| 650 |
_aЕзици _9396454 |
||
| 655 |
_aЕзикознание _9396452 |
||
| 700 | 1 |
_aHrsg. A. Matthias _9397880 |
|
| 852 | _aМА 1146 | ||
| 942 |
_cKNG _n0 _s1 |
||
| 944 |
_aCR _c1996 _kValK |
||
| 999 | _d343291 | ||